02366cam a22003498i 450000100090000000300090000900500170001800800410003502000180007604000330009408200200012710000290014724501420017625000200031826400560033830000270039433600260042133700260044733800360047350400510050952008380056058801030139865000520150165300250155365500170157870000410159570000350163677601610167194200120183299900170184495201550186123421735EG-ScBUE20240819094248.0231204s2024 nyu f b 001 0 eng d z9781032495262 aDLCbengerdacDLCdEG-ScBUE04a306.44222bHEL1 aHeller, Monica,eauthor.10aCritical sociolinguistic research methods :bstudying language issues that matter /cMonica Heller, Sari Pietikäinen, and Joan Pujolar. aSecond edition. 1aNew York, NY ;aAbingdon, Oxon :bRoutledge,c2024. aix, 225 pages ;c24 cm atextbtxt2rdacontent acomputerbc2rdamedia aonline resourcebcr2rdacarrier aIncludes bibliographical references and index. a"Critical Sociolinguistic Research Methods is a guide to conducting concrete ethnographic and discourse analytic research projects, written by top scholars for students and researchers in social science fields. Adopting a critical perspective focusing on the role of language in the construction of social difference and social inequality, the authors walk the reader through five key moments in the life of a research project: composing research questions, designing the project, doing fieldwork, performing data analysis and writing academic texts or otherwise engaging in conversation with different types of social actors about the project. These moments are illustrated by colour-coded examples from the authors' experiences that help researchers and students follow the sequential stages of a project"--cProvided by publisher. aDescription based on print version record and CIP data provided by publisher; resource not viewed. 7aSociolinguisticsxResearchxMethodology.2BUEsh cAugust2024bHHUUEENN vReading book1 aPietikäinen, Sari,d1968-eauthor.1 aPujolar, Joan,d1964-eauthor.08iPrint version:aHeller, Monica.tCritical sociolinguistic research methodsbSecond edition.dNew York, NY : Routledge, 2024z9781032495286w(DLC) 2023054527 2ddccBB c30805d30776 00102ddc40708BaccahaMAINbMAINc1STd2024-08-19ePurchaseg1978.00h38410l0o306.44 HELp000057162r2025-07-15 00:00:00v2473.00w2024-08-19yBB